[Event "4NCL/Div3/JUTK vs. SWD2"]
[Site "Wokefield Park ENG"]
[Date "2008.01.13"]
[Round "6.6"]
[White "Miles, Richard"]
[Black "Donovan, Nigel"]
[Result "1/2-1/2"]
[WhiteElo "2035"]
[BlackElo "2129"]
[PlyCount "41"]
[EventDate "2008.01.13"]
[EventCountry "ENG"]
[SourceDate "2007.09.15"]

1. d4 Nf6 2. Nf3 e6 3. c4 b6 4. a3 Bb7 5. Nc3 g6 6. Bg5 Bg7 7. e3 h6 8. Bh4 d6
9. Nd2 Nbd7 10. e4 e5 11. d5 O-O 12. Be2 Re8 13. O-O Nf8 14. f3 Qd7 15. Bf2
N8h7 16. b4 Nh5 17. c5 Qe7 18. cxd6 cxd6 19. Be3 Nf4 20. g3 h5 21. Rc1 1/2-1/2

[Event "4NCL/Div3/JUTK vs. SWD2"]
[Site "Wokefield Park ENG"]
[Date "2008.01.13"]
[Round "6.7"]
[White "Wilson, Alexandra"]
[Black "van Kemenade, Rudy"]
[Result "0-1"]
[WhiteElo "2070"]
[BlackElo "2029"]
[PlyCount "70"]
[EventDate "2008.01.13"]
[EventCountry "ENG"]
[SourceDate "2007.09.15"]

1. e4 e5 2. Nf3 Nf6 3. d4 Nxe4 4. dxe5 d5 5. Nbd2 Nc5 6. g3 Be7 7. Bg2 Bg4 8.
O-O Qd7 9. Re1 O-O 10. Nb3 Nxb3 11. axb3 Nc6 12. c3 Rad8 13. b4 a6 14. Qa4 Bxf3
15. Bxf3 Qf5 16. Bg2 Nxe5 17. Bf4 Bd6 18. Rad1 c6 19. Bxe5 Bxe5 20. Qa5 Bd6 21.
c4 Qg4 22. c5 Bb8 23. Qa4 Rfe8 24. Bxd5 a5 25. Ba2 Qxb4 26. Rxe8+ Rxe8 27. Qc2
Re1+ 28. Rxe1 Qxe1+ 29. Kg2 Qe7 30. h4 Ba7 31. h5 Qxc5 32. Qe4 Qxf2+ 33. Kh3
Qf1+ 34. Kh4 Qf6+ 35. Kh3 g6 0-1

[Event "4NCL/Div3/JUTK vs. SWD2"]
[Site "Wokefield Park ENG"]
[Date "2008.01.13"]
[Round "6.8"]
[White "Rees, Sioned"]
[Black "Rice, Chris"]
[Result "0-1"]
[WhiteElo "1324"]
[BlackElo "2099"]
[PlyCount "50"]
[EventDate "2008.01.13"]
[EventCountry "ENG"]
[SourceDate "2007.09.15"]

1. e4 g6 2. Bc4 Bg7 3. d3 e6 4. Be3 Bxb2 5. Nd2 Bxa1 6. Qxa1 f6 7. f4 Nc6 8.
Ne2 Na5 9. Bb3 Nxb3 10. axb3 d6 11. O-O Bd7 12. Ng3 a6 13. f5 e5 14. fxg6 hxg6
15. Rf2 Qe7 16. Qf1 O-O-O 17. d4 Qh7 18. Nf3 g5 19. h3 g4 20. Nh2 gxh3 21. gxh3
Bxh3 22. Qe2 Qg6 23. Qf3 Nh6 24. Bxh6 Rxh6 25. Kh1 Rg8 0-1

[Event "4NCL/Div3/SLOS3 vs. FCA1"]
[Site "Wokefield Park ENG"]
[Date "2008.01.13"]
[Round "6.1"]
[White "Armstrong, Malcolm"]
[Black "Hetey, Laszlo"]
[Result "0-1"]
[WhiteElo "2109"]
[BlackElo "2339"]
[PlyCount "72"]
[EventDate "2008.01.13"]
[EventCountry "ENG"]
[SourceDate "2007.09.15"]

1. d4 Nf6 2. Nf3 e6 3. c4 b6 4. e3 Bb7 5. Bd3 c5 6. Nc3 Be7 7. O-O cxd4 8. exd4
O-O 9. Qe2 d5 10. b3 Nc6 11. Rd1 Rc8 12. Bb2 Nb4 13. Bb1 dxc4 14. bxc4 Ba6 15.
Ne5 Qc7 16. a3 Nbd5 17. Ba2 Nxc3 18. Bxc3 Bd6 19. Bb4 Rfd8 20. Bxd6 Rxd6 21.
Qe3 Nd7 22. Rac1 Nxe5 23. Qxe5 Rc6 24. Qxc7 R6xc7 25. c5 g6 26. d5 exd5 27.
Rxd5 Kg7 28. f4 h5 29. Kf2 bxc5 30. Bc4 Bb7 31. Rd2 Re8 32. g3 h4 33. gxh4 Re4
34. Bd5 Rxf4+ 35. Ke3 Rxh4 36. Bxb7 Rxb7 0-1

[Event "4NCL/Div3/SLOS3 vs. FCA1"]
[Site "Wokefield Park ENG"]
[Date "2008.01.13"]
[Round "6.2"]
[White "Tippleston, Charles"]
[Black "Kafka, Graeme"]
[Result "1/2-1/2"]
[WhiteElo "2172"]
[BlackElo "2110"]
[PlyCount "77"]
[EventDate "2008.01.13"]
[EventCountry "ENG"]
[SourceDate "2007.09.15"]

1. e4 c5 2. c3 d5 3. exd5 Qxd5 4. d4 Nf6 5. Nf3 e6 6. Be2 Nc6 7. O-O Be7 8. c4
Qd8 9. dxc5 Qxd1 10. Rxd1 Bxc5 11. Nc3 Bd7 12. Bg5 Rd8 13. a3 h6 14. Bf4 g5 15.
Bd6 Bxd6 16. Rxd6 Ke7 17. Rd2 Bc8 18. Rad1 b6 19. h4 g4 20. Nh2 Rxd2 21. Rxd2
Ne5 22. Nf1 Bb7 23. Ne3 Rg8 24. Kf1 h5 25. g3 Rc8 26. b3 Nf3 27. Rd1 Rd8 28.
Rxd8 Kxd8 29. Bxf3 Bxf3 30. Ke1 Kd7 31. Kd2 Ne4+ 32. Nxe4 Bxe4 33. Kc3 e5 34.
b4 Kc6 35. Kd2 f5 36. Nd1 Bf3 37. Nc3 Bg2 38. Nd1 Bf3 39. Nc3 1/2-1/2

[Event "4NCL/Div3/SLOS3 vs. FCA1"]
[Site "Wokefield Park ENG"]
[Date "2008.01.13"]
[Round "6.3"]
[White "Makepeace, Philip J"]
[Black "Apetrei, Florin"]
[Result "1/2-1/2"]
[WhiteElo "2012"]
[BlackElo "2183"]
[PlyCount "49"]
[EventDate "2008.01.13"]
[EventCountry "ENG"]
[SourceDate "2007.09.15"]

1. e4 c5 2. Nf3 d6 3. d4 cxd4 4. Bc4 Nf6 5. O-O Nxe4 6. Qxd4 Nf6 7. Re1 e6 8.
Nc3 Nc6 9. Qh4 d5 10. Bb5 a6 11. Bxc6+ bxc6 12. Ne5 Bb7 13. Bg5 Be7 14. Rad1
Nd7 15. Bxe7 Qxe7 16. Qg3 Nxe5 17. Qxe5 O-O 18. Rd3 Kh8 19. Rg3 Rg8 20. Rh3 Qf6
21. Qc7 Rab8 22. Rf3 Rgc8 23. Qd7 Rd8 24. Qc7 Rdc8 25. Qd7 1/2-1/2

[Event "4NCL/Div3/SLOS3 vs. FCA1"]
[Site "Wokefield Park ENG"]
[Date "2008.01.13"]
[Round "6.4"]
[White "Habershon, Paul"]
[Black "Nelson, Omowale"]
[Result "1/2-1/2"]
[WhiteElo "2094"]
[BlackElo "2088"]
[PlyCount "69"]
[EventDate "2008.01.13"]
[EventCountry "ENG"]
[SourceDate "2007.09.15"]

1. e4 c6 2. d4 d5 3. exd5 cxd5 4. c4 Nf6 5. Nc3 e6 6. Bg5 Bb4 7. Nf3 Qa5 8. Bd2
Nc6 9. Bd3 dxc4 10. Bxc4 O-O 11. O-O Nxd4 12. Nxd4 Qc5 13. Nxe6 Bxe6 14. Bxe6
fxe6 15. Qb3 Nd5 16. Ne4 Qd4 17. Bxb4 Qxb4 18. Qxb4 Nxb4 19. Rfd1 Rac8 20. a3
Nd5 21. Rac1 Rxc1 22. Rxc1 h6 23. f3 Rb8 24. Kf2 Kf8 25. g3 Ke7 26. Nc3 Nb6 27.
Nb5 a6 28. Nd4 Kd6 29. Re1 Nc4 30. Re2 Ne5 31. f4 Nd3+ 32. Kg2 Nc5 33. b4 Kd5
34. Re5+ Kxd4 35. Rxc5 1/2-1/2

[Event "4NCL/Div3/SLOS3 vs. FCA1"]
[Site "Wokefield Park ENG"]
[Date "2008.01.13"]
[Round "6.5"]
[White "Coddington, Oliver"]
[Black "Smith, Graham"]
[Result "1/2-1/2"]
[WhiteElo "1972"]
[BlackElo "2116"]
[PlyCount "49"]
[EventDate "2008.01.13"]
[EventCountry "ENG"]
[SourceDate "2007.09.15"]

1. g4 e5 2. c4 Bc5 3. e3 Nc6 4. Nc3 a5 5. Bg2 Nge7 6. Nge2 d6 7. h3 O-O 8. O-O
f5 9. d4 exd4 10. exd4 Ba7 11. g5 Ng6 12. f4 Re8 13. Kh2 Nce7 14. b3 c6 15. d5
cxd5 16. Nxd5 Be6 17. Nd4 Bxd4 18. Qxd4 Nxd5 19. Bxd5 Qd7 20. Rd1 Bxd5 21.
Qxd5+ Qe6 22. Kg3 Qxd5 23. Rxd5 a4 24. Rd3 Re4 25. Rb1 1/2-1/2

[Event "4NCL/Div3/SLOS3 vs. FCA1"]
[Site "Wokefield Park ENG"]
[Date "2008.01.13"]
[Round "6.6"]
[White "Williamson, Kevin J"]
[Black "Walker, Samuel"]
[Result "1-0"]
[WhiteElo "2037"]
[BlackElo "1990"]
[PlyCount "58"]
[EventDate "2008.01.13"]
[EventCountry "ENG"]
[SourceDate "2007.09.15"]

1. d4 Nf6 2. Nc3 d5 3. Bg5 Ne4 4. Nxe4 dxe4 5. e3 g6 6. Bc4 Bg7 7. Ne2 c5 8. c3
cxd4 9. exd4 Qa5 10. Bf4 Nc6 11. O-O O-O 12. Ng3 Bf5 13. Re1 e5 14. Nxf5 gxf5
15. dxe5 Nxe5 16. Bxe5 Bxe5 17. Qh5 Rac8 18. Bb3 Rc6 19. Rad1 Rg6 20. Rd5 Qc7
21. Red1 Bd6 22. Rxf5 e3 23. fxe3 Qb6 24. Qf3 Rg7 25. Rf6 Rd8 26. Rdxd6 Rxd6
27. Rxf7 h6 28. Rxb7+ Kh7 29. Rxb6 Rxb6 1-0

[Event "4NCL/Div3/SLOS3 vs. FCA1"]
[Site "Wokefield Park ENG"]
[Date "2008.01.13"]
[Round "6.7"]
[White "Russant, Stuart"]
[Black "Freeman, Richard C P"]
[Result "0-1"]
[WhiteElo "1730"]
[BlackElo "2085"]
[PlyCount "34"]
[EventDate "2008.01.13"]
[EventCountry "ENG"]
[SourceDate "2007.09.15"]

1. e4 g6 2. d4 Bg7 3. Ne2 d6 4. Bf4 Nf6 5. Nd2 O-O 6. e5 dxe5 7. Bxe5 Nc6 8.
Bxf6 Bxf6 9. c3 e5 10. Ne4 exd4 11. Nxf6+ Qxf6 12. Nxd4 Nxd4 13. Qxd4 Qxd4 14.
cxd4 Rd8 15. O-O-O Be6 16. Kc2 Rd5 17. Rd3 Bf5 0-1

[Event "4NCL/Div3/SLOS3 vs. FCA1"]
[Site "Wokefield Park ENG"]
[Date "2008.01.13"]
[Round "6.8"]
[White "Evans, Helen"]
[Black "Pein, Jonathan"]
[Result "1-0"]
[WhiteElo "1695"]
[BlackElo "1450"]
[PlyCount "39"]
[EventDate "2008.01.13"]
[EventCountry "ENG"]
[SourceDate "2007.09.15"]

1. e4 d5 2. exd5 Nf6 3. Nf3 Nxd5 4. d4 Bg4 5. Be2 e6 6. c4 Nf6 7. Nc3 Bb4 8.
O-O Bxc3 9. bxc3 Nc6 10. Ba3 Qd7 11. Qb3 Rb8 12. Rfe1 Ne4 13. Rad1 a6 14. Ne5
Nxe5 15. dxe5 Qxd1 16. Bxd1 Bxd1 17. Rxd1 b5 18. Qc2 Ng5 19. Qd2 bxc4 20. Qd7#
1-0

[Event "4NCL/Div3/ANGA1 vs. PAND"]
[Site "Wokefield Park ENG"]
[Date "2008.01.13"]
[Round "6.1"]
[White "Spence, David"]
[Black "Walton, Alan J"]
[Result "1/2-1/2"]
[WhiteElo "2198"]
[BlackElo "2207"]
[PlyCount "31"]
[EventDate "2008.01.13"]
[EventCountry "ENG"]
[SourceDate "2007.09.15"]

1. e4 e6 2. b3 d5 3. Bb2 dxe4 4. Nc3 Nf6 5. Qe2 Be7 6. O-O-O Bd7 7. g4 h6 8.
Bg2 Bc6 9. Nxe4 Nxe4 10. Bxe4 Bf6 11. d4 Bxe4 12. Qxe4 Qd5 13. f3 Nc6 14. Ne2
O-O-O 15. Qxd5 exd5 16. Ng3 1/2-1/2

[Event "4NCL/Div3/ANGA1 vs. PAND"]
[Site "Wokefield Park ENG"]
[Date "2008.01.13"]
[Round "6.3"]
[White "Gray, Mark S"]
[Black "Dilley, Jason M"]
[Result "1-0"]
[WhiteElo "2101"]
[BlackElo "2195"]
[PlyCount "125"]
[EventDate "2008.01.13"]
[EventCountry "ENG"]
[SourceDate "2007.09.15"]

1. e4 g6 2. d4 Bg7 3. Nc3 d6 4. f4 Nf6 5. Nf3 c5 6. Bb5+ Bd7 7. e5 Ng4 8. e6
Bxb5 9. exf7+ Kd7 10. Nxb5 Qa5+ 11. Nc3 cxd4 12. Nxd4 Bxd4 13. Qxd4 Nc6 14. Qc4
Rac8 15. h3 Nf6 16. O-O Qb4 17. Qe2 Rhf8 18. Re1 Kc7 19. Be3 Kb8 20. a3 Qa5 21.
b4 Qd8 22. Qf2 d5 23. Red1 b6 24. b5 Na5 25. Bd4 Rxf7 26. Be5+ Kb7 27. Bxf6
Rxf6 28. Nxd5 Rd6 29. Qf3 Kb8 30. Nb4 a6 31. Nxa6+ Ka7 32. Nb4 Qc7 33. Rxd6
exd6 34. Rd1 Qc5+ 35. Kh1 Qxb5 36. Rxd6 Rc7 37. Rd8 Nb7 38. Rd5 Qc4 39. Re5 Na5
40. Qd3 Qxd3 41. cxd3 Kb7 42. Re6 Rd7 43. g4 Nb3 44. Kg2 Nd4 45. Re5 Rf7 46.
Kg3 Rd7 47. Rd5 Rxd5 48. Nxd5 Kc6 49. Nc3 Kd6 50. h4 Nc2 51. a4 Nb4 52. d4 Nc6
53. f5 gxf5 54. gxf5 Nb4 55. Kg4 Ke7 56. Kg5 Kf7 57. d5 Nd3 58. d6 Nc5 59. Kh6
Kg8 60. Nd5 Nd7 61. Nxb6 Nxb6 62. a5 Nd7 63. a6 1-0

[Event "4NCL/Div3/ANGA1 vs. PAND"]
[Site "Wokefield Park ENG"]
[Date "2008.01.13"]
[Round "6.4"]
[White "Birtwhistle, Nigel"]
[Black "Player, Edmund C"]
[Result "0-1"]
[WhiteElo "2125"]
[BlackElo "2126"]
[PlyCount "148"]
[EventDate "2008.01.13"]
[EventCountry "ENG"]
[SourceDate "2007.09.15"]

1. Nf3 d5 2. g3 Nf6 3. Bg2 e6 4. O-O Be7 5. d4 O-O 6. c4 dxc4 7. Qc2 a6 8. a4
Ra7 9. Rd1 b6 10. Qxc4 Bb7 11. Bf4 Nbd7 12. Nc3 Qa8 13. Ne1 Bd6 14. Bxd6 cxd6
15. Bxb7 Qxb7 16. Qb4 d5 17. Rac1 Nb8 18. Qd6 Ne8 19. Qf4 Nf6 20. Nd3 Nc6 21.
Ne5 Na5 22. e3 Nb3 23. Rc2 Rc8 24. Re2 b5 25. g4 bxa4 26. g5 Ne8 27. Qg3 Nd6
28. Ree1 a3 29. e4 dxe4 30. bxa3 Nf5 31. Qh3 e3 32. Rd3 exf2+ 33. Kxf2 Nbxd4
34. Rb1 Qe7 35. Ne4 Rac7 36. Rb2 Rc2+ 37. Rxc2 Rxc2+ 38. Rd2 Rxd2+ 39. Nxd2 Qc5
40. Nd3 Qc2 41. Ke1 g6 42. Nf2 Qc1+ 43. Nd1 Nc2+ 44. Ke2 Nfd4+ 45. Kd3 Qxd1 46.
Qg3 Qe2+ 47. Kc3 e5 48. Nc4 Qe1+ 49. Qxe1 Nxe1 50. Nxe5 Nef3 51. Ng4 Nb5+ 52.
Kb4 Nxa3 53. Kxa3 Nxg5 54. Nf6+ Kg7 55. Ne8+ Kf8 56. Nc7 Nf3 57. Nxa6 Nxh2 58.
Kb3 Ke7 59. Kc3 h5 60. Kd3 h4 61. Ke3 f5 62. Nb4 Ng4+ 63. Kf4 h3 64. Kg3 h2 65.
Kg2 g5 66. Nd3 f4 67. Ne1 Kf6 68. Nf3 Kf5 69. Kh1 Ne5 70. Nd2 f3 71. Nf1 Kf4
72. Ng3 g4 73. Nf1 Nc4 74. Kxh2 Ne3 0-1

[Event "4NCL/Div3/ANGA1 vs. PAND"]
[Site "Wokefield Park ENG"]
[Date "2008.01.13"]
[Round "6.5"]
[White "Gregory, Stephen J"]
[Black "Woolley, Jos"]
[Result "1-0"]
[WhiteElo "2161"]
[BlackElo "2098"]
[PlyCount "55"]
[EventDate "2008.01.13"]
[EventCountry "ENG"]
[SourceDate "2007.09.15"]

1. e4 e5 2. Bc4 Nf6 3. Qe2 Nc6 4. Nf3 Be7 5. c3 O-O 6. d3 d6 7. Nbd2 Na5 8. Bb5
a6 9. Ba4 b5 10. Bc2 c5 11. h3 Nc6 12. Nf1 Re8 13. Ng3 h6 14. O-O Bf8 15. Nh2
g6 16. f4 exf4 17. Bxf4 d5 18. Qf2 dxe4 19. dxe4 Be6 20. Rad1 Qb6 21. Bd6 Nd7
22. Bxf8 Rxf8 23. Nf5 c4 24. Qxb6 Nxb6 25. Rd6 Nc8 26. Nxh6+ Kg7 27. Rxc6 Ne7
28. Rc7 1-0

[Event "4NCL/Div3/ANGA1 vs. PAND"]
[Site "Wokefield Park ENG"]
[Date "2008.01.13"]
[Round "6.6"]
[White "Coates, David"]
[Black "Cook, Michael"]
[Result "1-0"]
[WhiteElo "2056"]
[BlackElo "2105"]
[PlyCount "115"]
[EventDate "2008.01.13"]
[EventCountry "ENG"]
[SourceDate "2007.09.15"]

1. e4 e5 2. Nf3 Nc6 3. d4 exd4 4. Nxd4 Bb4+ 5. c3 Be7 6. Be3 Nf6 7. Nd2 O-O 8.
Be2 d5 9. Bf3 Ne5 10. Qc2 dxe4 11. Nxe4 c5 12. Nb3 Nd3+ 13. Kf1 c4 14. Nd4 Nd5
15. Bd2 f5 16. Ng3 Bc5 17. b3 Ne5 18. Be2 f4 19. Ne4 Ne3+ 20. Bxe3 fxe3 21. f3
Bxd4 22. cxd4 Qxd4 23. Rd1 Qb6 24. Qc3 Qc7 25. Nd6 Qe7 26. Qxe3 Qf6 27. Nxc4
Ng4 28. Qd4 Qe7 29. h3 Nf6 30. Qd6 Qe6 31. Ne5 Qxd6 32. Rxd6 g6 33. Bc4+ Kg7
34. Rd4 Bf5 35. Kf2 Rfe8 36. Re1 Rad8 37. Rxd8 Rxd8 38. Re2 a6 39. a4 h5 40.
Nf7 Rf8 41. Nd6 Bc8 42. Nxb7 Bxb7 43. Re7+ Kh6 44. Rxb7 Ne4+ 45. Kg1 Ng3 46.
Bxa6 h4 47. Rd7 Re8 48. Kf2 Nh1+ 49. Kf1 Ng3+ 50. Kg1 Re3 51. Bc4 Rc3 52. Rd1
Rc2 53. Ra1 Nf5 54. Bd3 Rb2 55. Bxf5 gxf5 56. a5 Rxb3 57. a6 Rb8 58. a7 1-0

[Event "4NCL/Div3/ANGA1 vs. PAND"]
[Site "Wokefield Park ENG"]
[Date "2008.01.13"]
[Round "6.7"]
[White "Wallis, Ian"]
[Black "McCarthy, Kevin"]
[Result "1/2-1/2"]
[WhiteElo "1952"]
[BlackElo "2045"]
[PlyCount "51"]
[EventDate "2008.01.13"]
[EventCountry "ENG"]
[SourceDate "2007.09.15"]

1. e4 e6 2. d4 d5 3. e5 c5 4. c3 Nc6 5. Nf3 Qb6 6. a3 cxd4 7. cxd4 Nge7 8. b4
Nf5 9. Be3 Be7 10. Bd3 Nxe3 11. fxe3 f6 12. exf6 Bxf6 13. O-O O-O 14. Nc3 Bd7
15. Qc2 h6 16. Rf2 Rac8 17. Raf1 Ne7 18. Qd2 Qd6 19. Ne2 a6 20. Ne5 Bxe5 21.
dxe5 Qxe5 22. Bh7+ Kxh7 23. Rxf8 Rxf8 24. Rxf8 Nf5 25. Nd4 Nxe3 26. Qd3+
1/2-1/2

[Event "4NCL/Div3/ANGA1 vs. PAND"]
[Site "Wokefield Park ENG"]
[Date "2008.01.13"]
[Round "6.8"]
[White "Gallagher, Marie"]
[Black "Egorova, Anna"]
[Result "1/2-1/2"]
[WhiteElo "1730"]
[BlackElo "1950"]
[PlyCount "57"]
[EventDate "2008.01.13"]
[EventCountry "ENG"]
[SourceDate "2007.09.15"]

1. e4 c6 2. f4 d5 3. exd5 cxd5 4. d4 Nf6 5. Nf3 Bg4 6. h3 Bxf3 7. Qxf3 Nc6 8.
c3 e6 9. Bd3 Bd6 10. O-O O-O 11. Na3 a6 12. Nc2 Be7 13. Ne3 Na5 14. Ng4 Nxg4
15. hxg4 Nc6 16. Kf2 g6 17. Rh1 f5 18. Qh3 Rf7 19. g5 Qd7 20. Be2 Bd6 21. Bd2
Rc8 22. Rh2 Rg7 23. Rah1 Rc7 24. b4 b5 25. Re1 Nd8 26. Qe3 Rc6 27. Bd1 Bb8 28.
Bb3 Nf7 29. g3 1/2-1/2

[Event "4NCL/Div3/NWE2 vs. PAND"]
[Site "Wokefield Park ENG"]
[Date "2008.03.01"]
[Round "7.1"]
[White "Jaunooby, Ali"]
[Black "Ashton, Adam G"]
[Result "0-1"]
[WhiteElo "2177"]
[BlackElo "2295"]
[PlyCount "52"]
[EventDate "2008.03.01"]
[EventType "team"]
[EventRounds "11"]
[EventCountry "ENG"]
[SourceDate "2007.09.15"]

1. d4 d5 2. c4 e6 3. Nc3 c6 4. Nf3 Nf6 5. Bg5 Nbd7 6. Qc2 dxc4 7. e4 b5 8. a4
Qa5 9. Qb1 b4 10. Nd1 Ba6 11. Bd2 Be7 12. Be2 O-O 13. O-O c5 14. Ne5 cxd4 15.
Nxc4 Bxc4 16. Bxc4 Ne5 17. Bd3 Rac8 18. f4 Nxd3 19. Qxd3 Nd7 20. Nf2 Nc5 21.
Qf3 d3 22. Be3 Rfd8 23. Rfd1 Nb3 24. Ra2 Bc5 25. Rxd3 Bxe3 26. Qxe3 Rc1+ 0-1

[Event "4NCL/Div3/NWE2 vs. PAND"]
[Site "Wokefield Park ENG"]
[Date "2008.03.01"]
[Round "7.2"]
[White "Walton, Alan J"]
[Black "Mulligan, Stephen"]
[Result "1-0"]
[WhiteElo "2207"]
[BlackElo "2119"]
[PlyCount "123"]
[EventDate "2008.03.01"]
[EventType "team"]
[EventRounds "11"]
[EventCountry "ENG"]
[SourceDate "2007.09.15"]

1. d4 Nf6 2. Bg5 c5 3. d5 Qb6 4. Nc3 d6 5. Rb1 Bf5 6. f3 Nbd7 7. e4 Bg6 8. Nh3
a6 9. Be2 Qa5 10. Bd2 Qc7 11. O-O h5 12. Nf2 Bh7 13. b4 g6 14. b5 Bg7 15. bxa6
bxa6 16. Qc1 O-O 17. Qa3 Qa7 18. Rb3 Rfb8 19. Rfb1 Rxb3 20. Rxb3 Ne8 21. Ncd1
Nc7 22. Qa4 Nb6 23. Qc6 Rb8 24. Ba5 Nca8 25. Kf1 f5 26. a4 Kf7 27. Nh3 Bh6 28.
e5 c4 29. Rb4 Bg8 30. exd6 exd6 31. Qxd6 Bf8 32. Qe5 Be7 33. d6 Bf6 34. Qc5 Kg7
35. Nf4 Bf7 36. Qe3 Kg8 37. Bxc4 Bxc4+ 38. Rxc4 Qf7 39. Rb4 Re8 40. Qb3 Qxb3
41. cxb3 Be5 42. Nxg6 Bxd6 43. Rd4 Bxh2 44. Kf2 Kh7 45. Nf4 Bxf4 46. Rxf4 Kg6
47. Rd4 Re6 48. Ne3 Nc7 49. g3 Kg5 50. Rf4 Kg6 51. Nxf5 Ncd5 52. Nh4+ Kg7 53.
Rd4 Rc6 54. Nf5+ Kf6 55. Ne3 Ke6 56. Bxb6 Nxb6 57. Re4+ Kf6 58. a5 Nd7 59. Nd5+
Kg5 60. f4+ Kg4 61. Ne3+ Kh3 62. f5 1-0

[Event "4NCL/Div3/NWE2 vs. PAND"]
[Site "Wokefield Park ENG"]
[Date "2008.03.01"]
[Round "7.3"]
[White "Ociepka, Adrian"]
[Black "Dilley, Jason M"]
[Result "1/2-1/2"]
[WhiteElo "2095"]
[BlackElo "2195"]
[PlyCount "46"]
[EventDate "2008.03.01"]
[EventType "team"]
[EventRounds "11"]
[EventCountry "ENG"]
[SourceDate "2007.09.15"]

1. e4 d6 2. d4 g6 3. Nc3 Bg7 4. Be3 Nf6 5. f3 c6 6. Qd2 b5 7. O-O-O b4 8. Nce2
a5 9. Kb1 Na6 10. g4 Qb6 11. Nc1 Nc7 12. Nge2 Nb5 13. Ka1 Ba6 14. h4 h5 15. g5
Nd7 16. Bh3 Qc7 17. f4 Nb6 18. Bf2 Nc4 19. Qe1 c5 20. f5 cxd4 21. Nxd4 Nxd4 22.
Bxd4 Bxd4 23. Rxd4 Ne5 1/2-1/2

[Event "4NCL/Div3/NWE2 vs. PAND"]
[Site "Wokefield Park ENG"]
[Date "2008.03.01"]
[Round "7.4"]
[White "Cumbers, Paul"]
[Black "Burke, John"]
[Result "1-0"]
[WhiteElo "2143"]
[BlackElo "2083"]
[PlyCount "81"]
[EventDate "2008.03.01"]
[EventType "team"]
[EventRounds "11"]
[EventCountry "ENG"]
[SourceDate "2007.09.15"]

1. e4 c5 2. c3 Nf6 3. e5 Nd5 4. d4 cxd4 5. Qxd4 e6 6. Nf3 d6 7. exd6 Nc6 8. Bb5
Bd7 9. Qd1 Bxd6 10. O-O Qc7 11. c4 Nf6 12. Nc3 a6 13. h3 Ne5 14. Bxd7+ Nexd7
15. Be3 O-O 16. Rc1 Rfd8 17. Qe2 Rac8 18. Rfd1 Ne5 19. Nxe5 Bxe5 20. Rxd8+ Rxd8
21. Na4 Bd4 22. b4 Qd7 23. Bxd4 Qxd4 24. Nc5 h6 25. a3 Qf4 26. Qe3 Qxe3 27.
fxe3 Rb8 28. Rd1 Rc8 29. Rd6 Kh7 30. Rb6 a5 31. Rxb7 axb4 32. axb4 Kg6 33. Kf2
h5 34. g3 Rd8 35. Kf3 e5 36. Ne4 Nxe4 37. Kxe4 f6 38. c5 Rc8 39. Kd5 Ra8 40. c6
Ra1 41. c7 1-0

[Event "4NCL/Div3/NWE2 vs. PAND"]
[Site "Wokefield Park ENG"]
[Date "2008.03.01"]
[Round "7.5"]
[White "Tasker, Michael W"]
[Black "Birtwhistle, Nigel"]
[Result "0-1"]
[WhiteElo "2060"]
[BlackElo "2125"]
[PlyCount "48"]
[EventDate "2008.03.01"]
[EventType "team"]
[EventRounds "11"]
[EventCountry "ENG"]
[SourceDate "2007.09.15"]

1. Nf3 c5 2. c4 Nf6 3. d4 cxd4 4. Nxd4 e5 5. Nb5 d5 6. cxd5 Bc5 7. N1c3 a6 8.
Na3 O-O 9. e3 e4 10. Be2 Qe7 11. Nc2 Rd8 12. a4 Nbd7 13. b3 Qe5 14. Bb2 Qg5 15.
g3 Ne5 16. h4 Qg6 17. Ba3 Bxa3 18. Nxa3 Bg4 19. Qd4 Qf5 20. Nc4 Nf3+ 21. Bxf3
Bxf3 22. Rg1 Nxd5 23. Qc5 Qf6 24. Rc1 Nxc3 0-1

[Event "4NCL/Div3/NWE2 vs. PAND"]
[Site "Wokefield Park ENG"]
[Date "2008.03.01"]
[Round "7.6"]
[White "Woolley, Jos"]
[Black "Jezierski, Colum"]
[Result "1-0"]
[WhiteElo "2098"]
[BlackElo "2085"]
[PlyCount "55"]
[EventDate "2008.03.01"]
[EventType "team"]
[EventRounds "11"]
[EventCountry "ENG"]
[SourceDate "2007.09.15"]

1. e4 e5 2. Nf3 Nc6 3. Bb5 a6 4. Bxc6 dxc6 5. O-O Bg4 6. h3 h5 7. d3 Bd6 8. Be3
Qf6 9. Nbd2 Ne7 10. Re1 Ng6 11. hxg4 hxg4 12. Bg5 Qe6 13. Nh2 Rh5 14. Be3 Rxh2
15. Kxh2 Nf4 16. Nf1 O-O-O 17. Kg1 Rh8 18. Ng3 Qg6 19. d4 f5 20. dxe5 Bxe5 21.
Bxf4 Bxf4 22. exf5 Qh6 23. Qxg4 Qh2+ 24. Kf1 Bd6 25. f6+ Kb8 26. fxg7 Rg8 27.
Qh5 Bxg3 28. Re8+ 1-0

[Event "4NCL/Div3/NWE2 vs. PAND"]
[Site "Wokefield Park ENG"]
[Date "2008.03.01"]
[Round "7.7"]
[White "Morrison, Lynne"]
[Black "Coates, David"]
[Result "1-0"]
[WhiteElo "1929"]
[BlackElo "2056"]
[PlyCount "91"]
[EventDate "2008.03.01"]
[EventType "team"]
[EventRounds "11"]
[EventCountry "ENG"]
[SourceDate "2007.09.15"]

1. d4 Nf6 2. Nf3 g6 3. Bg5 Bg7 4. c3 O-O 5. Nbd2 d5 6. e3 Nbd7 7. Bd3 Re8 8.
O-O e5 9. dxe5 Nxe5 10. Nxe5 Rxe5 11. Bh4 Re8 12. Nf3 c6 13. h3 Qb6 14. Qc2 Ne4
15. Rad1 Nc5 16. Be2 Bf5 17. Qc1 Na4 18. c4 Bxb2 19. Qd2 Bg7 20. cxd5 cxd5 21.
Nd4 Bxd4 22. exd4 Rac8 23. Bg4 Rc2 24. Qh6 Bxg4 25. hxg4 Nc3 26. Rd3 Ne2+ 27.
Kh1 Rc3 28. Rdd1 Nxd4 29. f4 Ne2 30. f5 Ng3+ 31. Bxg3 gxf5 32. Qg5+ Qg6 33. Bh4
Qxg5 34. Bxg5 fxg4 35. Rxd5 Rc6 36. Rd7 Rg6 37. Bc1 Ra6 38. a3 b5 39. g3 f5 40.
Kg1 Rc8 41. Bb2 Rg6 42. Rxf5 a6 43. Rff7 Rd8 44. Rxh7 Rxd7 45. Rxd7 Kf8 46. Bc3
1-0

[Event "4NCL/Div3/NWE2 vs. PAND"]
[Site "Wokefield Park ENG"]
[Date "2008.03.01"]
[Round "7.8"]
[White "Gallagher, Marie"]
[Black "Matzko, Richard"]
[Result "1/2-1/2"]
[WhiteElo "1730"]
[BlackElo "1920"]
[PlyCount "58"]
[EventDate "2008.03.01"]
[EventType "team"]
[EventRounds "11"]
[EventCountry "ENG"]
[SourceDate "2007.09.15"]

1. e4 c5 2. f4 g6 3. Bc4 Bg7 4. Nf3 Nc6 5. c3 e6 6. d3 Nge7 7. O-O d5 8. Bb3
O-O 9. e5 Qb6 10. Kh1 f6 11. Qe1 fxe5 12. fxe5 Nxe5 13. Ng5 Nxd3 14. Rxf8+ Bxf8
15. Qf1 Ne5 16. Bf4 N7c6 17. Nd2 h6 18. Ngf3 Bg7 19. Re1 Nxf3 20. Qxf3 Bd7 21.
Bxd5 Rf8 22. Bxc6 Bxc6 23. Qg4 Qxb2 24. Bxh6 Bxh6 25. Qxg6+ Bg7 26. Qxe6+ Kh7
27. Qh3+ Kg8 28. Qe6+ Kh7 29. Qh3+ Kg8 1/2-1/2

[Event "4NCL/Div3/FCA1 vs. WWKS"]
[Site "Wokefield Park ENG"]
[Date "2008.03.01"]
[Round "7.1"]
[White "Tippleston, Charles"]
[Black "Thomas, Nicholas"]
[Result "1-0"]
[WhiteElo "2172"]
[BlackElo "2304"]
[PlyCount "113"]
[EventDate "2008.03.01"]
[EventType "team"]
[EventRounds "11"]
[EventCountry "ENG"]
[SourceDate "2007.09.15"]

1. Nf3 Nf6 2. b3 c5 3. e3 Nc6 4. Bb2 g6 5. Bxf6 exf6 6. c4 Bg7 7. Nc3 O-O 8.
Be2 d6 9. O-O Be6 10. Rc1 f5 11. d4 cxd4 12. Nxd4 Nxd4 13. exd4 Qb6 14. Bf3 a6
15. c5 Qb4 16. Nd5 Bxd5 17. Bxd5 Rad8 18. Rc4 Qb5 19. Qf3 dxc5 20. Rxc5 Qb6 21.
Bxb7 Rxd4 22. Qc6 Rd6 23. Qxb6 Rxb6 24. Bd5 Rb5 25. Rxb5 axb5 26. a4 bxa4 27.
bxa4 Rd8 28. Rd1 Kf8 29. Kf1 Rd6 30. Bb3 Rxd1+ 31. Bxd1 Ke7 32. Bb3 Be5 33. h3
f6 34. Ke2 Kd6 35. Bg8 h6 36. Bh7 g5 37. Bxf5 Kc5 38. Bg6 Bd4 39. Kf3 Kd5 40.
a5 Ke5 41. a6 f5 42. Ke2 Ba7 43. g3 Bb6 44. Bh5 Ba7 45. f3 Kd4 46. Bg6 f4 47.
gxf4 gxf4 48. h4 Ke5 49. Kf1 Be3 50. Kg2 Kd6 51. Kh3 Kc7 52. Kg4 Kb6 53. Bd3
Ka7 54. Kh5 Bf2 55. Kg4 Bg3 56. h5 Kb6 57. Kf5 1-0